Data structures using C (Record no. 192730)
[ view plain ]
| 000 -LEADER | |
|---|---|
| fixed length control field | 00354nam a2200133Ia 4500 |
| 008 - FIXED-LENGTH DATA ELEMENTS--GENERAL INFORMATION | |
| fixed length control field | 231217s9999 xx 000 0 und d |
| 041 ## - LANGUAGE CODE | |
| Language code of text/sound track or separate title | English |
| 082 ## - DEWEY DECIMAL CLASSIFICATION NUMBER | |
| Classification number | 001.6424C BAN;1 |
| 100 ## - MAIN ENTRY--PERSONAL NAME | |
| Personal name | Bandopadhyay, Samir Kumar. Dey,Kashinath. |
| 245 #0 - TITLE STATEMENT | |
| Title | Data structures using C |
| 260 ## - PUBLICATION, DISTRIBUTION, ETC. | |
| Date of publication, distribution, etc. | 2004 |
| Name of publisher, distributor, etc. | Pearson Education |
| Place of publication, distribution, etc. | Delhi |
| 300 ## - PHYSICAL DESCRIPTION | |
| Extent | x, 312 |
| 942 ## - ADDED ENTRY ELEMENTS (KOHA) | |
| Koha item type | Books |
| Date last seen | Total checkouts | Full call number | Accession number | Date last checked out | Price effective from | Category | Lost status | Damaged status | Department | Withdrawn status | Home library | Current library | Shelving location | Entry date | Vendor | Grants | Billdate | Currency symbol | Conversion rate | Discount | Old discount |
|---|---|---|---|---|---|---|---|---|---|---|---|---|---|---|---|---|---|---|---|---|---|
| 09/12/2025 | 1 | 001.6424C BAN;1 | 78778 | 28/11/2025 | 26/01/2024 | Books | CS | Central Library | Lending Library | Central Library | 30/06/2011 | Publisher | DONATED | 23/07/2016 | RS | 1 |
